| 000 | 01706nam0a2200361 4500 | ||
|---|---|---|---|
| 001 | RU\NLR\bibl\888851 | ||
| 005 | 20260407095931.0 | ||
| 010 |
_a5-8411-0193-5 _91000 |
||
| 021 |
_aRU _b2005-61234 _93006 |
||
| 035 | _a(nilc)RSL-KNO-002714358 | ||
| 035 | _a(NLR Aleph) 000877369 | ||
| 090 |
_a1637268 _c1637268 |
||
| 100 | _a20050922d2005 |||y0rusy50 ca | ||
| 101 | 0 | _arus | |
| 102 | _aRU | ||
| 105 | _ay ||||||||| | ||
| 106 | _ar | ||
| 200 | 1 |
_aМикрокосмос Промо-М _eстихи, эссе _eпоэт. творчество учеников лингвист. шк. "Промо-М" _fНОУ СОШ "Промо-М" [сред. общеобразоват. шк. с углубл. изучением иностр. яз. _gсост.: М.М. Букарева, А.П. Вихрян] |
|
| 210 |
_aМ. _cСоврем. экономика и право _d2005 |
||
| 215 |
_a111 с. _d20 |
||
| 327 | 0 | _aСодерж.: Авт.: Абдулкаримова Элиза, Вихрян Михаил, Грибкова Маша, Горгодзе Зураб, С.Ш. Губайдулина, Дукузов Д., Дьяченко Сергей, Изгилова Регина, Какоткина Евгения, Кульган Маша [и др.] | |
| 610 | 0 | _aДетская литература | |
| 686 |
_aШ9(2)8 _2rubbk |
||
| 686 | _aШ9(2)8 | ||
| 702 | 1 |
_aБукарева _bМ. М. _4220 |
|
| 712 | 0 | 2 |
_4570 _a"Промо-М", лингвистическая школа _cМосква _3RU\NLR\AUTH\8810054018 _9608467 |
| 801 | 0 |
_aRU _bRuMoRKP _c20050922 _grcr |
|
| 801 | 1 |
_aRU _bRuMoRGB _c20050922 |
|
| 801 | 2 |
_aRU _bNLR _c20051215 _grcr |
|
| 942 | _cBOOK | ||
| 980 | _aNB | ||